Apocalipsis : revelación de Juan /

Salvato in:
Dettagli Bibliografici
Altri autori: Fernández, Fruela (traducción) (traducción)
Natura: Libro
Lingua:spagnolo
Pubblicazione: Girona, España : Wunderkammer, 2023, c2023
Soggetti:
Tags: Aggiungi Tag
Nessun Tag, puoi essere il primo ad aggiungerne!!

MARC

LEADER 00000nam^a2200000^a^4500
001 000592358
005 20250521000000.0
009 20260310132946.69
020 |a 978-84-124010-9-7 
037 |a Acervo ITESO - Biblioteca 
041 |a ESP 
082 |a 228. 06  |b APO 
245 1 0 |a Apocalipsis :  |b revelación de Juan /  |c Il. de Ignacio Cobo ; tr. por F. Fernández. 
264 4 |a Girona, España :  |b Wunderkammer,  |c 2023, c2023 
300 |a 84 p. +  |e 1 lámina 
336 |a texto  |b txt  |2 rdacontenido 
337 |a sin mediación  |b n  |2 rdamedio 
338 |a volumen  |b nc  |2 rdasoporte 
521 |a FIL 2024 DIA 
649 |a XX 
650 |a Biblia -  |x Nuevo Testamento -  |x Apocalipsis -  |x Historia y Crítica 
650 |a Biblia como Literatura 
650 |a Libros Sagrados 
650 |a Catolicismo 
650 |a Cristianismo 
650 |a Literatura Religiosa -  |x Historia y Crítica 
650 |a Religión 
700 |a Fernández, Fruela  |e (traducción) 
910 |a Fondo General 
920 |a Impresos - Libros 
930 |a Colección General 
905 |a 101 
901 |a 592954-10  |b IT1  |c ACC  |i C188447  |u 20250521 
901 |a 592954-20  |b IT2  |c FOL  |i C188448  |u 20250521 
902 |a https://opac.biblio.iteso.mx/vufind/Record/000592358